000 00320pab a2200133 454500
008 180718b1990 xxu||||| |||| 00| 0 eng d
245 _aReview of industry and management
260 _c1990
300 _aM-98-152
362 _a25 Aug.
650 _aIndustry
773 _aEconomic and Political Weekly
909 _a10876
999 _c10876
_d10876